|
|
|
|
| LEADER |
00645cam a2200193La 4500 |
| 020 |
|
|
|a 9789383260546 (pbk.)
|
| 020 |
|
|
|a 9383260548 (pbk.)
|
| 082 |
0 |
4 |
|a 823
|b ARU/M
|
| 100 |
0 |
|
|a Aruna Nambiar.
|
| 245 |
1 |
0 |
|a Mango cheeks, metal teeth /
|c by Aruna Nambiar.
|
| 260 |
|
|
|a Chennai :
|b Tranquebar Press, an imprint of Westland,
|c 2013.
|
| 300 |
|
|
|a 233 p. ;
|
| 500 |
|
|
|a Novel.
|
| 650 |
|
|
|a Novel English
|
| 650 |
|
|
|a Literatture English
|
| 650 |
|
|
|a Literaure
|
| 942 |
|
|
|c BK
|
| 999 |
|
|
|c 57422
|d 57422
|
| 952 |
|
|
|0 0
|1 0
|4 0
|6 823_000000000000000_ARU_M
|7 0
|9 80602
|a SSUS
|b SSUS
|c STACKS
|d 2015-11-26
|g 350.00
|l 1
|o 823 ARU/M
|p 077084
|r 2019-03-18
|s 2019-03-08
|w 2015-11-26
|y BK
|